000
00373nam a2200145Ia 4500
008
231129s2005||||xx |||||||||||||| ||spa||
020
_a
970-5775-16-8
040
_b
spa
082
_a
579.3 G633b
100
_a
Gómez Roig Edurne
245
0
_a
Las bacterias
260
_c
2005
264
_a
Libros del Escarabajo
942
_2
ddc
_c
BKS
999
_c
18607
_d
18607